| 000 | 00950nam a2200277 u 4500 | ||
|---|---|---|---|
| 005 | 20230510063520.0 | ||
| 008 | 191204s1985 sp r 000 0 spa d | ||
| 020 | _a8449968496 (tomo 13) | ||
| 020 | _a8449968321 (obra completa) | ||
| 035 | _aUPN01000234650 | ||
| 040 |
_aMX-MxUPN _bspa _cMX-MxUPN |
||
| 041 | 1 |
_aspa _hger |
|
| 050 | 4 |
_aB2936 _bH438 1985 |
|
| 100 | 1 |
_aHegel, Georg Wilhelm Friedrich, _d1770-1831 _928390 |
|
| 240 | 1 | 0 |
_aVorlesungen über die Geschichte der Philosophie. _lEspañol |
| 245 | 1 | 0 | _aIntroducción a la historia de la filosofía |
| 260 |
_aMadrid, España : _bSarpe, _c1985. |
||
| 300 | _a231 páginas | ||
| 490 |
_aLos grandes pensadores ; _v13 |
||
| 500 | _aTraducción de: Traducción de: Vorlesungen über die geschichte der philosophie. | ||
| 650 | 2 |
_aFilosofía _xHistoria _910004 |
|
| 700 | 1 |
_aTerrón, Eloy _etraductor _947730 |
|
| 902 | _aNoemiAcosta/020223 | ||
| 905 | _aLibro | ||
| 942 |
_2lcc _cLIBRO |
||
| 999 |
_c206745 _d206745 |
||